Responses for Show #8836 - Monday, March 27, 2023

Contestants

[<< previous game]

Kevin Manning, an engineer from Kansas City, Missouri

Nicole Rudolph, an associate dean from Williston Park, New York

Tamara Ghattas, an editor from Chicago, Illinois (whose 1-day cash winnings total $15,601)

[next game >>]

Jeopardy! Round responses

THE STATUE OF LIBERTY
YOU'RE GONNA NEED A BIGGER BOWL
BRITISH TO AMERICAN LANGUAGE TRANSLATOR
FANTASY SPORTS
I LED WHAT CABINET DEPARTMENT?
NUMBER "ONE" MOVIE
    $200 6
copper

Kevin
    $200 22
chowder

Kevin
    $200 16
a roller coaster

Nicole
    $200 29
Quidditch

Kevin
    $200 17
State

Kevin
    $200 4
Rogue One

Kevin
    $400 23
slavery

Kevin
    $400 25
butter pecan

Tamara
    $400 8
(Nicole: What is a mud flap?)
(Tamara: What is a bumper?)
(Kevin: What is a rim?)

the fender

TamaraNicoleKevin
Triple Stumper
    $400 14
paper

Kevin
    $400 10
Treasury

Tamara
    $400 21
One Hundred and One Dalmatians

Triple Stumper
    $600 7
Germany

Tamara
    $600 26
Frosted Flakes

Tamara
    $600 1
(Nicole: What is an RV?)

a trailer

TamaraNicole
    $600 5
the Hunger Games

Nicole
    $600 9
Labor

Nicole
    $600 18
(Tamara: What is Clear and Present Danger?)

Air Force One

TamaraKevin
    $1,000 13
(Kevin: Who is Bartholdi?)
(Ken: No, I'm sorry, he's the sculptor, but it's [*], of Tower fame who did the framework.)

Gustave Eiffel

Kevin
    $800 27
Irish stew

Nicole
    $800 2
a Popsicle

Tamara
    $800 15
(Ken: [*] of Calvin and Hobbes fame is correct.)

(Bill) Watterson

Nicole
    $800 11
Homeland Security

Nicole
    $800 19
Ready Player One

Triple Stumper
    $1000 24
Cleveland

Kevin
    $1000 28
poke

Nicole
    $1000 3
a slingshot

Nicole
    $1000 30
(Ken: That's the second novel by [*].)

Kurt Vonnegut

Triple Stumper
    $1000 12
Secretary of War

Kevin
    $1000 20
It Happened One Night

Nicole

Scores at the first commercial break (after clue 15):

Tamara Nicole Kevin
$2,000 $2,800 $400

Scores at the end of the Jeopardy! Round:

Tamara Nicole Kevin
$2,400 $5,800 $3,000

Double Jeopardy! Round responses

WHAT A BUNCH OF CARICATURES!
THE BIBLE
FIGURES OF SPEECH
WE QUOTE MR. Ts
ISLANDS OF THE FAR NORTH
I LIKE AMERICAN MUSIC
    $400 30
Darwin

Kevin
    $400 29
your mother & your father

Tamara
    $400 26
oxymoron

Nicole
    $400 27
think

Kevin
    $400 28
Greenland

Kevin
    $400 14
Pearl Jam

Kevin
    $800 19
Mao

Tamara
    $800 15
David & Goliath

Kevin
    $800 25
cliché

Nicole
    $800 24
Boss Tweed

Kevin
    $800 9
Kayak Island

Triple Stumper
    $800 11
George Jones

Nicole
    $1200 17
Chopin

Kevin
    $1200 4
a golden calf

Kevin
    $1200 1
irony

Tamara
    $1200 20
Marshall

Nicole
    $1200 6
the northern lights

Tamara
    $1200 10
Atlanta

Nicole
    $1600 18
Ibsen

Kevin
    $1600 5
(Kevin: What is the Garden of Gethsemadee?)

Gethsemane

TamaraKevin
    $1600 2
understatement

Tamara
    $3,000 23
Tecumseh

Nicole
    $1600 7
(Kevin: What is the Communist Party?)

Bolshevik (Island)

TamaraKevin
    $1600 12
Jerry Lee Lewis

Nicole
    $2000 21
(Patricia) Highsmith

Nicole
    $2000 16
Benjamin

Triple Stumper
    $2000 3
(Nicole: What is metom--metonymy?)

synecdoche

TamaraNicole
    $2000 22
Tocqueville

Nicole
    $5,000 8
(Tamara: What is the Northwest Territory?)

Nunavut

Tamara
    $2000 13
Blondie

Triple Stumper

Scores at the end of the Double Jeopardy! Round:

Tamara Nicole Kevin
$7,800 $16,800 $7,000
(lock game)

[wagering suggestions for these scores]

Final Jeopardy! Round responses

CHEMICAL NAMES
(Ken: [To Kevin] Yes, for Amon, the Egyptian king of the gods.)
...
(Ken: [To Nicole] Oh, for Ra, that's another name for Amon, I like the guess.)
KevinWhat is Ammonia?
$801
TamaraWhat is ozone?
$6,201
NicoleWhat is radon?
$0
ammonia

Final scores:

Tamara Nicole Kevin
$1,599 $16,800 $7,801
3rd place: $1,000 New champion: $16,800 2nd place: $2,000

Game dynamics:

Coryat scores:

Tamara Nicole Kevin
$12,800 $15,400 $8,000
14 R,
3 W
(including 1 DD)
18 R
(including 1 DD),
3 W
19 R,
4 W
(including 1 DD)

Combined Coryat: $36,200

[game clues] [game scores] [suggest correction]

Game tape date: 2023-01-11
The J! Archive is created by fans, for fans. Scraping, republication, monetization, and malicious use prohibited; this site may use cookies and collect identifying information. See terms. The Jeopardy! game show and all elements thereof, including but not limited to copyright and trademark thereto, are the property of Jeopardy Productions, Inc. and are protected under law. This website is not affiliated with, sponsored by, or operated by Jeopardy Productions, Inc. Join the discussion at JBoard.tv.